| 000 | 00608nam a2200181 a 4500 | ||
|---|---|---|---|
| 005 | 20140412111259.0 | ||
| 008 | 020604s19uu xx 00 eng d | ||
| 020 | _a0-590-06542-4 | ||
| 050 |
_aTR(GS 372.62 _bS62 1997 |
||
| 100 | _aSpann, Mary Beth | ||
| 245 |
_a30 collaborative books : _bfor your class to make and share! / _cby mary Beth Spann. |
||
| 260 |
_aNew York : _bScholastic Professional Books, _c1997. |
||
| 300 | _a104 p. ; ill. | ||
| 520 | _aEasy paterns and how-to's for creating a year's worth of Thematic Rhyming Books | ||
| 650 | _aThematic | ||
| 650 | _aRhyming book | ||
| 999 |
_c103320 _d103320 |
||